000 00985cab a2200253 4500
001 ABS58796
008 090401t1998 xxu||||| |||| 00| 0 eng d
035 _a(Sirsi) u86470
041 _aeng
100 _aSewell, R.
245 _aHypothetical review clauses for high bay warehouses - the pitfalls
260 _c1998
350 _a0
490 _aRent Review & Lease Renewal
_v18(2) 1998, 137-139(3)
520 _aIdentifies the problems faced by the valuer in the new market of high bay warehousing. Lack of comparables and insufficiently defined terms of construction, specification, facilities, and location of hypothetical buildings, bring difficulties in producing accurate valuations. Proposes an alternative basis for rent review.
650 _aCOMPARABLE RENTS
650 _aHIGH BAY WAREHOUSES
650 _aRENT REVIEW
650 _aSALE AND LEASEBACK
650 _aVALUATION METHODS
690 _aRATING AND VALUATION
942 _n0
948 _c29/05/1998
999 _c54430
_d54430